Laurence Olivier Award for Best Actress in a Musical - Statistics

General Stats
  • This quiz has been taken 16 times
  • The average score is 6 of 40
Answer Stats
Year Actress % Correct
2016 Imelda Staunton
75%
2013 Imelda Staunton
75%
1991 Imelda Staunton
75%
1996 Judi Dench
58%
1985 Patti LuPone
42%
1994 Julia McKenzie
33%
1982 Julia McKenzie
33%
2000 Barbara Dickson
25%
1983 Barbara Dickson
25%
1990 Lea Salonga
25%
2004 Maria Friedman
25%
1997 Maria Friedman
25%
2002 Martine McCutcheon
17%
1995 Ruthie Henshall
17%
2011 Sheridan Smith
17%
2007 Jenna Russell
8%
2005 Laura Michelle Kelly
8%
1999 Sophie Thompson
8%
1981 Carlin Glynn
0%
2012 Cleo Demetriou
0%
2012 Eleanor Worthington Cox
0%
2009 Elena Roger
0%
1980 Gemma Craven
0%
2006 Jane Krakowski
0%
2003 Joanna Riding
0%
1993 Joanna Riding
0%
2015 Katie Brayben
0%
2012 Kerry Ingram
0%
2008 Leanne Jones
0%
1986 Lesley Mackie
0%
1984 Natalia Makarova
0%
1987 Nichola McAuliffe
0%
1988 Patricia Routledge
0%
2010 Samantha Spiro
0%
2001 Samantha Spiro
0%
2012 Sophia Kiely
0%
1998 Ute Lemper
0%
1979 Virginia McKenna
0%
1992 Wilhelmenia Fernandez
0%
2014 Zrinka Cvitešić
0%
No matching quizzes found
Score Distribution
Percent of People with Each Score
Percentile by Number Answered
Your Score History
You have not taken this quiz